| 000 | 00460cam a22001698a 4500 | ||
|---|---|---|---|
| 020 | _a9781118274149 (hardcover : alk. paper) | ||
| 082 | 0 | 0 |
_a641.308 _bMSA/CH |
| 245 | 0 | 4 | _aChemistry of food additives and preservatives / |
| 260 |
_aOxford ; _aAmes, Iowa : _bWiley-Blackwell, _c2012. |
||
| 300 | _ap. cm. | ||
| 650 | 0 | _aFood additives. | |
| 650 | 0 | _aFood preservatives. | |
| 650 | 0 | _aFood | |
| 650 | 0 | _aFood | |
| 700 | 1 | _aMsagati, Titus A. M. | |
| 942 | _cREF | ||
| 999 |
_c13976 _d13976 |
||